Statistics for 100 Biggest Cities in Australia on a Map

Click here to take the quiz!

General Stats

  • This quiz has been taken 384 times
  • The average score is 29 of 100

Answer Stats

City State Population % Correct
SydneyNSW4,321,534
99%
MelbourneVIC4,196,201
98%
PerthWA1,874,577
96%
AdelaideSA1,165,639
95%
BrisbaneQLD2,054,616
94%
CanberraACT432,141
93%
DarwinNT118,452
93%
HobartTAS178,005
84%
Gold CoastQLD600,334
83%
Alice SpringsNT23,728
82%
CairnsQLD144,733
81%
NewcastleNSW322,279
76%
TownsvilleQLD168,726
67%
WollongongNSW261,897
61%
GeelongVIC157,103
60%
LauncestonTAS75,328
59%
Sunshine CoastQLD243,377
58%
RockhamptonQLD61,213
50%
BendigoVIC92,384
48%
BroomeWA13,984
48%
BallaratVIC93,761
47%
AlburyNSW83,102
46%
ToowoombaQLD100,032
46%
Central CoastNSW307,740
43%
MackayQLD75,704
43%
AlbanyWA29,369
43%
KalgoorlieWA29,869
41%
Mount IsaQLD18,342
40%
Wagga WaggaNSW48,263
39%
MilduraVIC35,601
36%
Broken HillNSW17,589
34%
OrangeNSW37,181
33%
BunburyWA71,094
32%
GeraldtonWA31,978
32%
BundabergQLD50,150
32%
Coffs HarbourNSW48,221
30%
Port MacquarieNSW44,811
27%
DubboNSW34,335
27%
SheppartonVIC46,194
26%
Port HedlandWA13,828
26%
BathurstNSW33,581
25%
DevonportTAS23,044
25%
TamworthNSW33,882
23%
Port LincolnSA14,062
23%
Mount GambierSA26,148
22%
WarrnamboolVIC30,707
22%
BurnieTAS19,388
20%
WhyallaSA21,505
19%
GladstoneQLD33,417
19%
EchucaVIC18,523
18%
MaitlandNSW78,019
16%
LismoreNSW27,570
16%
BallinaNSW16,502
16%
NowraNSW30,856
15%
BusseltonWA25,325
15%
GoulburnNSW22,416
15%
KarrathaWA15,825
15%
ArmidaleNSW20,391
15%
TraralgonVIC25,482
14%
BowralNSW21,397
14%
TareeNSW18,114
13%
WangarattaVIC18,567
13%
Blue MountainsNSW29,320
13%
Port PirieSA13,743
13%
SaleVIC13,507
13%
Hervey BayQLD52,075
12%
HorshamVIC15,630
12%
Murray BridgeSA16,803
12%
EmeraldQLD13,529
11%
BairnsdaleVIC12,950
11%
GriffithNSW18,878
11%
Victor HarborSA15,267
10%
KiamaNSW13,455
10%
MaryboroughQLD22,205
10%
ForsterNSW19,918
10%
MoeVIC15,062
10%
GraftonNSW16,790
10%
MorwellVIC13,540
9%
YeppoonQLD16,351
9%
WarragulVIC14,274
9%
GawlerSA26,470
8%
GympieQLD18,267
8%
TorquayVIC16,942
8%
MeltonVIC54,455
7%
CessnockNSW21,723
7%
Nelson BayNSW13,967
6%
SunburyVIC34,425
6%
Bacchus MarshVIC17,303
6%
Mount BarkerSA16,630
6%
SingletonNSW13,217
5%
Kurri KurriNSW16,790
4%
NambourQLD18,183
4%
UlladullaNSW13,057
4%
Raymond TerraceNSW13,301
3%
WarwickQLD13,860
3%
LaraVIC13,327
3%
CrafersSA15,127
3%
MorissetNSW18,741
2%
Ocean GroveVIC18,208
2%
BongareeQLD18,144
1%

Score Distribution

Percentile by Number Answered

Percent of People with Each Score

Your Score History

You have not taken this quiz